000 00316nam a2200133Ia 4500
003 OSt
005 20240108142241.0
008 170523s9999 xx 000 0 und d
020 _a9780195672237
040 _cIIMTU
100 _aGilmartin-Philip M
245 0 _aMolecular Plant Biology(Vol.I & II)
942 _2ddc
_c02
999 _c11040
_d11040